01835ntaaa2200397 45000030003000000050017000030080021000200200015000410400037000561000022000932450132001152500011002472600038002583000022002964900026003185000075003445000045004195000047004645000042005115000021005535050019005745050056005935050051006495050110007005050082008105050081008925050050009735050036010235050038010595050040010975050036011375050054011735200130012276500027013577000053013840120251027203351.00714s1973 ag 01  a8428507422 aAR-BaBNbspacAR-BaBNeaacrdRIC aMondin, Battista  a¿Cómo hablar de Dios hoy? : bel lenguaje teológico / cBattista Mondin, traducido por Julián Aguirre Muñoz de Morales a2a ed. aMadrid : bEds. Paulinas, cc1979 a229 p. ; c21 cm. aTeología y pastoral aTítulo original: Il linguaggio teologico. Come parlare di Dio, oggi? aDonación de Tomás J. M. Mackey, 2021 aEd. original en italiano: Edizioni Paoline aContiene referencias bibliográficas aIncluye índice tIntroducción tI. Las causas de la crisis del lenguaje teológico tII. El problema lingüístico en filosofía tIII. El problema kerigmático: algunas traducciones del mensaje cristiano al lenguaje del hombre moderno tIV. El problema ontológico: naturaleza y propiedades del lenguaje religioso tV. El problema crítico: criterios de verificación del lenguaje religioso tVI. Lenguajes formalizados y lenguaje común tVII. El problema hermenéutico tVIII. El lenguaje de la oración tIX. El lenguaje de la infalibilidad tX. El método de la analogía tXI. El método trascendental de Bernard Lonergan aCrisis del lenguaje religioso, análisis sistemático de los problemas de expresión, naturaleza, valor e interpretación aFILOSOFIA DEL LENGUAJE aAguirre Muñoz de Morales, Julián etraductor